| 000 | 00874cab a2200205 4500 | ||
|---|---|---|---|
| 001 | ABS44484 | ||
| 008 | 090401t1991 xxu||||| |||| 00| 0 eng d | ||
| 035 | _a(Sirsi) u47410 | ||
| 041 | _aeng | ||
| 100 | _aMugurian, G.H. | ||
| 245 | 4 | _aThe draft Arbitration Act | |
| 260 | _c1991 | ||
| 350 | _a0 | ||
| 490 |
_aCivil Engineering Surveyor _v16(3) April 1991, 9(1) |
||
| 520 | _aA discussion of the pros and cons of the draft Arbitration Act , based on contributions from a recent seminar held at the ICE. The Act, which combines the various strands of current law, and sets them forth in clear terms and a logical sequence, is cautiously welcomed as fulfilling a long-awaited role. | ||
| 650 | _aARBITRATION LAW | ||
| 690 | _aMANAGEMENT-DISPUTE AVOIDANCE, MANAGEMENT AND RESOLUTION-DISPUTE MANAGEMENT AND RESOLUTION-ARBITRATION | ||
| 942 | _n0 | ||
| 948 | _c04/03/1997 | ||
| 999 |
_c29901 _d29901 |
||